000 00295nam a2200145 4500
008 190521s1992||||CZ d
260 _c1992
_bLéciva
_aPraha
300 _a4430s.
245 1 0 _aVademecum
250 _a1.vydanie
020 _c0
041 1 _acze
044 _aCZ
958 _aA
999 _c22391
_d22391